ARRUPE JESUIT UNIVERSITY

CORONAVIRUS -STOP THE SPREAD - CLEAN,DISINFECT,COVER

Patrick in his own words. (Record no. 120972)

MARC details
000 -LEADER
fixed length control field 01044cam a2200313 4500
001 - CONTROL NUMBER
control field 2681223
003 - CONTROL NUMBER IDENTIFIER
control field ARRUPE
005 - DATE AND TIME OF LATEST TRANSACTION
control field 20140925134746.0
008 - FIXED-LENGTH DATA ELEMENTS--GENERAL INFORMATION
fixed length control field 740219s1972 ie b 000 0aeng
010 ## - LIBRARY OF CONGRESS CONTROL NUMBER
LC control number 74152587
040 ## - CATALOGING SOURCE
Original cataloging agency DLC
Transcribing agency DLC
Modifying agency DLC
041 0# - LANGUAGE CODE
Language code of text/sound track or separate title englat
050 00 - LIBRARY OF CONGRESS CALL NUMBER
Classification number BX4700.P3
Item number P3713
082 00 - DEWEY DECIMAL CLASSIFICATION NUMBER
Classification number 270.2/092/4
-- B
300 ## - PHYSICAL DESCRIPTION
Dimensions 19 cm.
100 0# - MAIN ENTRY--PERSONAL NAME
Personal name Patrick,
Titles and other words associated with a name Saint,
Dates associated with a name 373?-463?
9 (RLIN) 11702
240 10 - UNIFORM TITLE
Uniform title <a href="Confessio.">Confessio.</a>
Language of a work English
245 10 - TITLE STATEMENT
Title Patrick in his own words.
Statement of responsibility, etc [Translated and with commentary by] Joseph Duffy.
260 ## - PUBLICATION, DISTRIBUTION, ETC. (IMPRINT)
Place of publication, distribution, etc [Dublin]
Name of publisher, distributor, etc Veritas Publications
Date of publication, distribution, etc [1972]
300 ## - PHYSICAL DESCRIPTION
Extent 97 p.
350 ## - PRICE (NR) (BK AM CF MU VM SE) [OBSOLETE]
Price £0.50
500 ## - GENERAL NOTE
General note English translation and Latin original of the author's Confessio.
504 ## - BIBLIOGRAPHY, ETC. NOTE
Bibliography, etc Includes bibliographical references.
600 00 - SUBJECT ADDED ENTRY--PERSONAL NAME
Personal name Patrick,
Titles and other words associated with a name Saint,
Dates associated with a name 373?-463?
9 (RLIN) 11703
650 #0 - SUBJECT ADDED ENTRY--TOPICAL TERM
Topical term or geographic name as entry element Christian saints
Geographic subdivision Ireland
General subdivision Biography.
9 (RLIN) 11704
651 #0 - SUBJECT ADDED ENTRY--GEOGRAPHIC NAME
Geographic name Ireland
General subdivision Church history
Chronological subdivision To 1172.
9 (RLIN) 11705
700 1# - ADDED ENTRY--PERSONAL NAME
Personal name Duffy, Joseph A.
9 (RLIN) 11706
906 ## - LOCAL DATA ELEMENT F, LDF (RLIN)
a 7
b cbc
c orignew
d 4
e ncip
f 19
g y-gencatlg
942 ## - ADDED ENTRY ELEMENTS (KOHA)
Source of classification or shelving scheme Library of Congress Classification
Koha item type Monograph ( Printed materials)

No items available.

 

Arrupe Library. PO Box MP320 Mt Pleasant, Harare, Zimbabwe
263 242 745411|librarian@aju.ac.zw